Flash MX Iniciación y Referencia /
Gorde:
| Egile nagusia: | |
|---|---|
| Formatua: | Liburua |
| Hizkuntza: | Spanish |
| Argitaratua: |
España :
McGraw-Hill,
2002
|
| Gaiak: | |
| Etiketak: |
Etiketa erantsi
Etiketarik gabe, Izan zaitez lehena erregistro honi etiketa jartzen!
|
MARC
| LEADER | 00000nam a2200000 4500 | ||
|---|---|---|---|
| 008 | 191210b2002 sp ||||| |||| 00| | spa d | ||
| 999 | |c 3832 |d 3832 | ||
| 020 | |a 8448136950 | ||
| 090 | |a 08.15.02 |b 1126 | ||
| 100 | |9 4655 |a Escudero Fernández, Sofía | ||
| 245 | |a Flash MX Iniciación y Referencia / |c Sofía Escudero | ||
| 260 | |a España : |b McGraw-Hill, |c 2002 | ||
| 300 | |a 298 páginas | ||
| 650 | 1 | 4 | |9 1302 |a PROGRAMAS DE COMPUTADORA |
| 650 | 1 | 4 | |9 1115 |a ENSEÑANZA CON AYUDA DE COMPUTADORAS |
| 942 | |i 001765 |h 08.15.02 1126 |2 z |c 01 | ||



